Psychological testing and assessment : (Record no. 7499)

MARC details
000 -LEADER
fixed length control field 00891pam a2200253 4500
001 - CONTROL NUMBER
control field 8652
008 - FIXED-LENGTH DATA ELEMENTS--GENERAL INFORMATION
fixed length control field 950419t19961996caua b 001 0 eng
010 ## - LIBRARY OF CONGRESS CONTROL NUMBER
LC control number 95016822
020 ## - INTERNATIONAL STANDARD BOOK NUMBER
International Standard Book Number 155934427X
Qualifying information recycled paper
100 1# - MAIN ENTRY--PERSONAL NAME
Personal name Cohen, Ronald Jay.
Authority record control number or standard number
245 10 - TITLE STATEMENT
Title Psychological testing and assessment :
Remainder of title an introduction to tests and measurement /
Statement of responsibility, etc. Ronald Jay Cohen, Mark E. Swerdlik, Suzanne M. Phillips
250 ## - EDITION STATEMENT
Edition statement Third edition
264 #1 - PRODUCTION, PUBLICATION, DISTRIBUTION, MANUFACTURE, AND COPYRIGHT NOTICE
Place of production, publication, distribution, manufacture Mountian View, Calif. :
Name of producer, publisher, distributor, manufacturer Mayfield Pub.,
Date of production, publication, distribution, manufacture, or copyright notice [1996]
Date of production, publication, distribution, manufacture, or copyright notice 1996
300 ## - PHYSICAL DESCRIPTION
Extent 798 pages :
Other physical details illustrations ;
Dimensions 25 cm
336 ## - CONTENT TYPE
Content type term text
Content type code txt
Source rdacontent
337 ## - MEDIA TYPE
Media type term unmediated
Media type code n
Source rdamedia
338 ## - CARRIER TYPE
Carrier type term volume
Carrier type code nc
Source rdacarrier
504 ## - BIBLIOGRAPHY, ETC. NOTE
Bibliography, etc. note Includes bibliographical references and indexes
650 #0 - SUBJECT ADDED ENTRY--TOPICAL TERM
Topical term or geographic name entry element Psychological tests.
Authority record control number or standard number
700 1# - ADDED ENTRY--PERSONAL NAME
Personal name Phillips, Suzanne M.
Authority record control number or standard number
Personal name Swerdlik, Mark E.
Authority record control number or standard number
Holdings
Withdrawn status Lost status Source of classification or shelving scheme Damaged status Not for loan Collection code Home library Current library Shelving location Date acquired Serial Enumeration / chronology Inventory number Total Checkouts Full call number Barcode Date last seen Price effective from Koha item type
    Dewey Decimal Classification     Main TEST RTC Library RTC Library Main opac 27/11/2018 13130   150 COH 30012682 27/11/2018 27/11/2018 Main
Royal Thimphu College || All Right Reserved